Кометы. Их природа и происхождение; Сб. 5; Новые идеи в астрономии; Природа комет; О природе комет; Физическая природа комет; Мысли о новой теории комет; Идеи Лагранжа, Лаплпса, Гаусса и Скиапарелли о присхождении комет

Manylion Llyfryddiaeth
Parent link:Новые идеи в астрономии: сборник/ под ред. А. А. Иванова.— непереодическое издание.— , 1913-1915
Iaith:Rwseg
Cyhoeddwyd: Санкт-Петербург, Книгоиздательство "Образование", 1914
TOC:Природа комет;
О природе комет;
Физическая природа комет;
Мысли о новой теории комет;
Идеи Лагранжа, Лаплпса, Гаусса и Скиапарелли о присхождении комет;
Pynciau:
Fformat: Llyfr
KOHA link:https://koha.lib.tpu.ru/cgi-bin/koha/opac-detail.pl?biblionumber=336782

MARC

LEADER 00000nam2a2200000 4500
001 336782
005 20231101031755.0
035 |a (RuTPU)RU\TPU\book\363234 
035 |a RU\TPU\book\363185 
090 |a 336782 
100 |a 20171024d1914 m y0rusy50 ca 
101 1 |a rus 
102 |a RU 
105 |a a z 000zy 
200 1 |a Кометы. Их природа и происхождение  |h Сб. 5 
210 |a Санкт-Петербург  |c Книгоиздательство "Образование"  |d 1914 
215 |a [2], 154 с.  |c ил. 
461 1 |0 (RuTPU)RU\TPU\book\363164  |t Новые идеи в астрономии  |o сборник  |f под ред. А. А. Иванова  |e непереодическое издание  |d 1913-1915 
464 |t Природа комет 
464 |t О природе комет 
464 |t Физическая природа комет 
464 |t Мысли о новой теории комет 
464 |t Идеи Лагранжа, Лаплпса, Гаусса и Скиапарелли о присхождении комет  |a Бианко, Оттавио Дзанотти 
610 1 |a астрономия 
610 1 |a Земной шар 
610 1 |a кометы 
610 1 |a природа комет 
610 1 |a гипотезы 
801 1 |a RU  |b 63413507  |c 20171023 
801 2 |a RU  |b 63413507  |c 20171024  |g RCR 
942 |c BK